UBT Library

Leading the high energy culture : (Record no. 1340)

000 -LEADER
fixed length control field 00666nam a22002057a 4500
008 - FIXED-LENGTH DATA ELEMENTS--GENERAL INFORMATION
fixed length control field 151023b xxu||||| |||| 00| 0 eng d
020 ## - INTERNATIONAL STANDARD BOOK NUMBER
International Standard Book Number 9780071781268 (alk. paper)
020 ## - INTERNATIONAL STANDARD BOOK NUMBER
International Standard Book Number 0071781269 (alk. paper)
041 0# - LANGUAGE CODE
Language code of text/sound track or separate title eng
080 ## - UNIVERSAL DECIMAL CLASSIFICATION NUMBER
Universal Decimal Classification number 658.4
100 1# - Rafti
Rafti Casullo, David.
245 10 - TITLE STATEMENT
Title Leading the high energy culture :
Statement of responsibility, etc David Casullo.
260 ## -
-- New York :
-- McGraw-Hill,
-- 2012.
300 ## -
-- x, 256 f. :
-- me il.;
-- 24 cm.
650 #0 -
-- Kultura në organizatë
650 #0 -
-- Sjellja në organizatë
650 #0 -
-- Motivimi i punëtorëve
650 #0 -
-- Lidership
942 ## - ADDED ENTRY ELEMENTS (KOHA)
Source of classification or shelving scheme
Item type Books
Holdings
Withdrawn status Lost status Source of classification or shelving scheme Damaged status Not for loan Collection code Permanent location Current location Shelving location Date acquired Total Checkouts Full call number Barcode Date last seen Koha item type Price effective from
          Koleksioni i përgjithshem UBT - Lipjan UBT - Lipjan Koleksioni i përgjithshem 10/23/2015   658.4 CAS 002-008727 10/23/2015 Books  
          Koleksioni i përgjithshem UBT - Lipjan UBT - Lipjan Koleksioni i përgjithshem 10/23/2017   338 CAS 002-2933617 10/23/2017 Books 10/23/2017
UBT Library © 2015-2024. All rights reserved University Education for Business and Technology